000 00520nam a2200181Ia 4500
001 2970
005 20260306144846.0
008 260306t1997||||xx |||||||||||||| ||spa||
041 _aESP
082 _a237
_bG13
100 _aGalindo Rodrigo, José Antonio
_eAUT
245 0 _aCompendio de la gracia:
_bla gracia, expresión de Dios en el hombre. Hacia otra visión de la antropología cristiana
260 _c1997
300 _a414 páginas :
_c20 cm.
650 _aGEN
654 _aCHU
942 _cLIB
_dJUS
_fJUS
_2ddc
_n
999 _c2970
_d2970